000 006180000a22001450004500
001 14028
020 _a958-42-1404-7
041 0 _aSPA
082 0 4 _aG 891.623 L6731c Proceso de encuadernación v.3
100 1 _aLewis, C. S. (Clive Staples) (1898-1963)
245 1 0 _aLas crónicas de Narnia / C.S. Lewis ; Gemma Gallart, Traductor
260 _aBogotá D. C. : Destino
505 0 0 _aVol. 1 El sobrino del mago Vol. 2 El león, la bruja y el armario Vol. 3 El caballo y el muchacho Vol. 4 El príncipe Caspian Vol. 5 La travesía del Viajero del Alba Vol. 6 La silla de plata Vol. 7 La última batalla
942 _cBK
999 _c42942
_d42942